000 00862nam a22002295i 4500
001 165649
003 ES-MaACL
005 20250831075150.0
008 050831s1872 fr af | |||||||| ||fre d
040 _aCAM
_bspa
_cCAM
245 0 0 _aSouvenirs de la Réformation /
_ctraduit librement de l'anglais; [orné de 8 gravures coloriees sur acier.
260 _aToulouse :
_bSociété des Livres Religieux,
_c1872 (
_fImprimerie A. Chauvin et Fils)
300 _a261 p., [8] h. de lám. ;
_c19 cm.
599 _aLas h. de lám., coloreadas.
650 7 _aReforma
_2embne
_916717
710 2 _aSocieté des Livres Religieux,
_eed.
_9134934
710 2 _aA. Chauvin et Fils,
_eimp.
_9134081
752 _aFrancia -
_dToulouse
852 _aES-MaACL
_jD-1311
_z-- Rúst.
_z-- Legado de M. de la Fuente
999 _c165649
_d165649